Hỗn chiến tại Andains

שמור ב:
מידע ביבליוגרפי
פורמט: ספר
תגים: הוספת תג
אין תגיות, היה/י הראשונ/ה לתייג את הרשומה!
Thư viện lưu trữ: Mạng thư viện Đại học Đà Nẵng
LEADER 00399nam a22001691a 4500
001 000039690
003 15985
005 20160412022634.0
008 160412s0 000
082 |a 4N(TK)309 
245 |a Hỗn chiến tại Andains 
OWN |a LNN 
999 |a From the UDN01 
TYP |a Monograph 
980 |a Mạng thư viện Đại học Đà Nẵng